000 00178 a2200097 4500
020 _a99
041 _aeng
100 _aLois lenski
245 _aRead to me storybook
942 _cBK
999 _c28448
_d28448